000 00460cam a2200193ua 4500
020 _c4.50
041 _aeng
_h
082 _a516.24
_bKRI/TR
100 _aKrishnamurthy, V.
245 _aTrigonometry /
_cV.Krishnamurthy.
_hTextual Documents
250 _a3 /
_b.
260 _aChennai :
_bThe National Publishing Co ,
_c1965.
300 _a253 ; .
365 _a4.50
504 _a
942 _cBK
999 _c2995
_d2995